Statistics for The Lord of the Rings - One Ring Inscription

Click here to take the quiz!

General Stats

  • This quiz has been taken 188 times
  • The average score is 21 of 23

Answers on the Map

Answers color-coded by a green-red scale on the quiz's map according to % correct below.
 

Answer Stats

Réponse% Correct
One
98%
One
98%
One
98%
Ring
97%
Ring
97%
Ring
97%
to
97%
to
97%
to
97%
the
96%
them.
95%
them
95%
them
95%
them,
95%
rule
94%
all,
93%
all,
93%
bind
88%
darkness
87%
and
85%
in
85%
find
84%
bring
68%

Score Distribution

Percentile by Number Answered

Percent of People with Each Score

Your Score History

You have not taken this quiz